Statistics for Largest Island Countries Quiz

Click here to take the quiz!

General Stats

  • This quiz has been taken 22 times
  • The average score is 7 of 9

Answer Stats

Answer% Correct
Madagascar
100%
Indonesia
95%
New Zealand
95%
Cuba
86%
Japan
86%
Philippines
81%
Iceland
76%
Malaysia
67%
Papua New Guinea
33%

Score Distribution

Percentile by Number Answered

Percent of People with Each Score

Your Score History

You have not taken this quiz